1401 1113 1963 1533 1350 1624 1188 1871 1426 1825 1193 1585 1616 1345 1846 1043 1752 1055 1462 1315 1522 1874 1927 1349 1006 1455 1945 1549 1155 1940 1381 1247 1139 1848 1891 1413 1101 1124 1030 1381 1646 1236 1876 1152 1679 1031 1073 1192 1582 1814 1202 1886 1514 1331 1483 1581 1548 1720 1603 1454 1964 1341 1765 1250 1573 1819 1291 1077 1715 1349 1121 1327 1748 1093 1920 1632 1033 1920 1506 1145 1233 1854 1670 1329 1340 1583 1608 1131 1957 1707 1772 1759 1312 1604 1849 1898 1715 1607 1683 BCNSPRNW ULIB Ver.6.0+V

เปลี่ยนเป็นภาษาไทย

Change to English
 แสดงรายละเอียดบรรณานุกรม
  กลับหน้าหลัก

Brief Record : Get Marc (ISO 2709) : E-mail record : QR code < ปิดหน้าต่าง
LEADER : 00000nam 2200000uu 4500
001    13399128069
003     ULIB
008    220502s2564||||th 000 0 tha d
020    ^a9786165868280
060 04 ^aWY160^bด164ภ
100 0  ^aดวงใจ วัฒนสินธุ์
245 10 ^aภาวะซึมเศร้าในวัยรุ่นแนวคิดพื้นฐานและการพยาบาล =^bAdolescentdepression : basic concepts and nursing care /^cดวงใจวัฒนสินธุ์
246 31 ^aAdolescent depression : basic concepts and nursing care
260    ^aเชียงใหม่ :^bวนิดาการพิมพ์,^c2564
300    ^aก-ซ, 256หน้า :^bภาพประกอบ ;^c26 ซม.
650  4 ^aความซึมเศร้า
650  4 ^aภาวะซึมเศร้า
650  4 ^aโรคซึมเศร้า
650  4 ^aวัยรุ่น
945    ^p290^l0^i008659
945    ^p290^l0^i008660
945    ^p290^l0^i008661
945    ^p290^l0^i008662
945    ^p290^l0^i008663
945    ^p290^l0^i008664
999    ^aประนอม เกษจรัล
รายการนี้ยังไม่มีแท็ก
คุณยังไม่ได้ล็อกอิน คุณสามารถมีกิจกรรมร่วมกับเว็บไซต์ได้ แต่ต้องล็อกอินก่อน ::
  ล็อกอิน

รายการสื่อสารสนเทศ

ลำดับที่ ประเภท เลขเรียก/บาร์โค้ด สถานที่ สถานะ
1. Book การพยาบาล
หนังสือสำรอง
สถานะ=หนังสือสำรอง
WY160 ด164ภ ฉ.1 
  Barcode: 008659
ห้องสมุดวิทยาเขตสวรรค์ประชารักษ์
►หนังสือทั่วไป
บนชั้น
2. Book การพยาบาล
Book การพยาบาล
WY160 ด164ภ ฉ.2 
  Barcode: 008660
ห้องสมุดวิทยาเขตสวรรค์ประชารักษ์
►หนังสือทั่วไป
บนชั้น
3. Book การพยาบาล
Book การพยาบาล
WY160 ด164ภ ฉ.3 
  Barcode: 008661
ห้องสมุดวิทยาเขตสวรรค์ประชารักษ์
►หนังสือทั่วไป
บนชั้น
4. Book การพยาบาล
Book การพยาบาล
WY160 ด164ภ ฉ.4 
  Barcode: 008662
ห้องสมุดวิทยาเขตสวรรค์ประชารักษ์
►หนังสือทั่วไป
บนชั้น
5. Book การพยาบาล
Book การพยาบาล
WY160 ด164ภ ฉ.5 
  Barcode: 008663
ห้องสมุดวิทยาเขตสวรรค์ประชารักษ์
►หนังสือทั่วไป
บนชั้น
6. Book การพยาบาล
Book การพยาบาล
WY160 ด164ภ ฉ.6 
  Barcode: 008664
ห้องสมุดวิทยาเขตสวรรค์ประชารักษ์
►หนังสือทั่วไป
บนชั้น

รายการใกล้เคียง
    ผู้แต่ง [ดวงใจ วัฒนสินธุ์]

    หัวเรื่อง [ความซึมเศร้า]
    หัวเรื่อง [ภาวะซึมเศร้า]
    หัวเรื่อง [โรคซึมเศร้า]
    หัวเรื่อง [วัยรุ่น]

BibComment


ยังไม่เคยถูกคอมเมนท์

คอมเมนท์ทรัพยากรรายการนี้
  คอมเมนท์: ภาวะซึมเศร้าในวั..


 Copyright 2026. Bcnsprnw @Library